| 000 | 01079cam a2200229 4500 | ||
|---|---|---|---|
| 001 | WB4022-15 | ||
| 008 | 040609n2004 000 0 eng u | ||
| 035 | _a(Sirsi) u126443 | ||
| 245 | _aLocal landscape protection may go | ||
| 260 | _c2004 | ||
| 490 |
_aCPRE Press Release _v(31/04) 9 June 2004 (2) |
||
| 520 | _aCountryside campaigners are appealing to the government to retain the right for local communities to safeguard the most valued landscapes by giving them protected status in local planning policies. The campaign is a result of proposed planning policies, which would scrap local landscape designations. The ODPM consultation paper "Draft Planning Policy Statement (PPS) 7: sustainable development in rural areas" is available to view at http://www.planning.odpm.gov.uk. http://www.cpre.org.uk/news-releases/news-rel-2004 /31-04.htm | ||
| 590 | _aWB | ||
| 590 | _aWB | ||
| 650 | _aLANDSCAPES | ||
| 650 | _aLOCAL PLANNING | ||
| 650 | _aLANDSCAPE DESIGNATIONS | ||
| 650 | _aDEVELOPMENT AREAS | ||
| 650 | _aPPS 7 | ||
| 690 |
_aRURAL _96268 |
||
| 942 | _n0 | ||
| 999 |
_c117492 _d117492 |
||